The Oxford handbook of the history of ethics / (Record no. 123908)
[ view plain ]
| 000 -LEADER | |
|---|---|
| fixed length control field | 03412cam a22004217i 4500 |
| 001 - CONTROL NUMBER | |
| control field | 17956404 |
| 003 - CONTROL NUMBER IDENTIFIER | |
| control field | ARRUPE |
| 005 - DATE AND TIME OF LATEST TRANSACTION | |
| control field | 20151218091802.0 |
| 008 - FIXED-LENGTH DATA ELEMENTS--GENERAL INFORMATION | |
| fixed length control field | 131127s2013 enk b 001 0 eng d |
| 010 ## - LIBRARY OF CONGRESS CONTROL NUMBER | |
| LC control number | 2013474158 |
| 015 ## - NATIONAL BIBLIOGRAPHY NUMBER | |
| National bibliography number | GBB293111 |
| Source | bnb |
| 016 7# - NATIONAL BIBLIOGRAPHIC AGENCY CONTROL NUMBER | |
| Record control number | 016171830 |
| Source | Uk |
| 020 ## - INTERNATIONAL STANDARD BOOK NUMBER | |
| International Standard Book Number | 9780198744405 |
| 035 ## - SYSTEM CONTROL NUMBER | |
| System control number | (OCoLC)ocn796758453 |
| 040 ## - CATALOGING SOURCE | |
| Original cataloging agency | BTCTA |
| Language of cataloging | eng |
| Transcribing agency | BTCTA |
| Modifying agency | UKMGB |
| -- | KIJ |
| -- | YDXCP |
| -- | YNK |
| -- | U3G |
| -- | OCLCO |
| -- | GUA |
| -- | OCLCO |
| -- | BWX |
| -- | OUN |
| -- | ZCU |
| -- | LGG |
| -- | ERASA |
| -- | NLGGC |
| -- | LNT |
| -- | OCLCQ |
| -- | DLC |
| 042 ## - AUTHENTICATION CODE | |
| Authentication code | lccopycat |
| 050 00 - LIBRARY OF CONGRESS CALL NUMBER | |
| Classification number | BJ71 |
| Item number | .O94 2013 |
| 082 04 - DEWEY DECIMAL CLASSIFICATION NUMBER | |
| Classification number | 170.9 |
| Edition number | 23 |
| 084 ## - OTHER CLASSIFICATION NUMBER | |
| Classification number | 08.38 |
| Source of number | bcl |
| 300 ## - PHYSICAL DESCRIPTION | |
| Dimensions | 26 cm. |
| 245 04 - TITLE STATEMENT | |
| Title | The Oxford handbook of the history of ethics / |
| Statement of responsibility, etc | edited by Roger Crisp. |
| 246 10 - VARYING FORM OF TITLE | |
| Title proper/short title | History of ethics |
| 250 ## - EDITION STATEMENT | |
| Edition statement | First edition. |
| 260 ## - PUBLICATION, DISTRIBUTION, ETC. (IMPRINT) | |
| Place of publication, distribution, etc | Oxford : |
| Name of publisher, distributor, etc | Oxford University Press, |
| Date of publication, distribution, etc | 2013. |
| 300 ## - PHYSICAL DESCRIPTION | |
| Extent | xvi, 897 pages ; |
| 490 1# - SERIES STATEMENT | |
| Series statement | [Oxford handbooks] |
| 504 ## - BIBLIOGRAPHY, ETC. NOTE | |
| Bibliography, etc | Includes bibliographical references and index. |
| 505 0# - FORMATTED CONTENTS NOTE | |
| Formatted contents note | Homeric ethics / Roger Crisp -- Plato's ethics / Nicholas White -- Aristotle's ethics / Paula Gottlieb -- Epicurus : freedom, death, and hedonism / Phillip Mitsis -- Cynicism and stoicism / Christopher Gill -- Ancient scepticism / Richard Bett -- Platonic ethics in later antiquity / Lloyd P. Gerson -- Thomism / Colleen McCluskey -- The Franciscans / Thomas Williams -- Later Christian ethics / T.H. Irwin -- Nature, law, and natural law / T.H. Irwin -- Seventeenth-century moral philosophy : self-help, self-knowledge, and the Devil's Mountain / Aaron Garrett -- Rousseau and ethics / Christopher Bertram -- Utilitarianism : Bentham and Rashdall / Robert Shaver -- Rationalism / Maria Rosa Antognazza -- Rational intuitionism / Philip Stratton-Lake -- Moral sense and sentimentalism / Julia Driver -- Butler's ethics / David McNaughton -- Hume's place in the history of ethics / Annette Baier -- Adam Smith / James Otteson -- Kant's moral philosophy / Andrews Reath -- Kantian ethics / Otfried Höffe -- Post-Kantianism / Raymond Geuss -- Hegel and Marx / Terry Pinkard -- J.S. Mill / Henry R. West -- Sidgwick / Bart Schultz -- British idealist ethics / W.J. Mander -- Ethics in the analytic tradition / John Deigh -- Free will / Derk Pereboom -- Emotion and the emotions / Susan Sauvé Meyer and Adrienne M. Martin -- Happiness, suffering, and death / Richard Kraut -- Autonomy / John Christman -- Egoism, partiality, and impartiality / Brad Hooker -- Conscience, guilt, and shame / John Cottingham -- Moral psychology and virtue / Nancy Sherman -- Justice, equality, and rights / John Tasioulas -- Styles of moral relativism : a critical family tree / Miranda Fricker -- Moral metaphysics / Daniel Star -- Constructing practical ethics / Dale Jamieson. |
| 650 #0 - SUBJECT ADDED ENTRY--TOPICAL TERM | |
| Topical term or geographic name as entry element | Ethics |
| General subdivision | History. |
| 9 (RLIN) | 12012 |
| 700 1# - ADDED ENTRY--PERSONAL NAME | |
| Personal name | Crisp, Roger, |
| Dates associated with a name | 1961- |
| Relator term | editor of compilation. |
| 9 (RLIN) | 21405 |
| 776 0# - ADDITIONAL PHYSICAL FORM ENTRY | |
| Title | Oxford handbook of the history of ethics |
| Record control number | (NL-LeOCL)35625061X |
| 830 #0 - SERIES ADDED ENTRY--UNIFORM TITLE | |
| Uniform title | Oxford handbooks. |
| 9 (RLIN) | 21406 |
| 856 42 - ELECTRONIC LOCATION AND ACCESS | |
| Materials specified | Contributor biographical information |
| Uniform Resource Identifier | <a href="http://www.loc.gov/catdir/enhancements/fy1404/2013474158-b.html">http://www.loc.gov/catdir/enhancements/fy1404/2013474158-b.html</a> |
| 856 42 - ELECTRONIC LOCATION AND ACCESS | |
| Materials specified | Publisher description |
| Uniform Resource Identifier | <a href="http://www.loc.gov/catdir/enhancements/fy1404/2013474158-d.html">http://www.loc.gov/catdir/enhancements/fy1404/2013474158-d.html</a> |
| 856 41 - ELECTRONIC LOCATION AND ACCESS | |
| Materials specified | Table of contents only |
| Uniform Resource Identifier | <a href="http://www.loc.gov/catdir/enhancements/fy1404/2013474158-t.html">http://www.loc.gov/catdir/enhancements/fy1404/2013474158-t.html</a> |
| 906 ## - LOCAL DATA ELEMENT F, LDF (RLIN) | |
| a | 7 |
| b | cbc |
| c | copycat |
| d | 2 |
| e | ncip |
| f | 20 |
| g | y-gencatlg |
| 942 ## - ADDED ENTRY ELEMENTS (KOHA) | |
| Source of classification or shelving scheme | Library of Congress Classification |
| Koha item type | Monograph ( Printed materials) |
| Withdrawn status | Lost status | Source of classification or shelving scheme | Damaged status | Not for loan | Home library | Current library | Date acquired | Total Checkouts | Full call number | Barcode | Date last seen | Date checked out | Price effective from | Koha item type |
|---|---|---|---|---|---|---|---|---|---|---|---|---|---|---|
| Library of Congress Classification | ARRUPE LIBRARY | ARRUPE LIBRARY | 18/12/2015 | 5 | BJ71 .O94 2013 | 46500005971 | 18/05/2022 | 02/02/2022 | 18/12/2015 | Monograph ( Printed materials) |